<?xml version="1.0" encoding="UTF-8"?><marc:collection xmlns:marc="http://www.loc.gov/MARC21/slim">
  <marc:record>
    <marc:leader>00000cam  2200000zi 4500</marc:leader>
    <marc:controlfield tag="001">9.950288</marc:controlfield>
    <marc:controlfield tag="003">CaOODSP</marc:controlfield>
    <marc:controlfield tag="005">20260527103446</marc:controlfield>
    <marc:controlfield tag="006">m     o  d f      </marc:controlfield>
    <marc:controlfield tag="007">cr mn|||||||||</marc:controlfield>
    <marc:controlfield tag="008">250422t20252025onca    obu  f001 0 fre d</marc:controlfield>
    <marc:datafield tag="020" ind1=" " ind2=" ">
      <marc:subfield code="a">9780660770000</marc:subfield>
    </marc:datafield>
    <marc:datafield tag="040" ind1=" " ind2=" ">
      <marc:subfield code="a">CaOODSP</marc:subfield>
      <marc:subfield code="b">fre</marc:subfield>
      <marc:subfield code="e">rda</marc:subfield>
      <marc:subfield code="c">CaOODSP</marc:subfield>
    </marc:datafield>
    <marc:datafield tag="043" ind1=" " ind2=" ">
      <marc:subfield code="a">n-cn---</marc:subfield>
    </marc:datafield>
    <marc:datafield tag="086" ind1="1" ind2=" ">
      <marc:subfield code="a">NR24-27/2025F-PDF</marc:subfield>
    </marc:datafield>
    <marc:datafield tag="245" ind1="0" ind2="0">
      <marc:subfield code="a">Code national de prévention des incendies - Canada 2025 / </marc:subfield>
      <marc:subfield code="c">élaboré par le Comité canadien de l'harmonisation des codes de construction.</marc:subfield>
    </marc:datafield>
    <marc:datafield tag="250" ind1=" " ind2=" ">
      <marc:subfield code="a">Douzième édition 2025.</marc:subfield>
    </marc:datafield>
    <marc:datafield tag="264" ind1=" " ind2="1">
      <marc:subfield code="a">Ottawa (Ontario) : </marc:subfield>
      <marc:subfield code="b">Conseil national de recherches du Canada, </marc:subfield>
      <marc:subfield code="c">2025.</marc:subfield>
    </marc:datafield>
    <marc:datafield tag="264" ind1=" " ind2="4">
      <marc:subfield code="c">©2025</marc:subfield>
    </marc:datafield>
    <marc:datafield tag="300" ind1=" " ind2=" ">
      <marc:subfield code="a">1 ressource en ligne (1 volume (pagination multiple)) : </marc:subfield>
      <marc:subfield code="b">illustrations</marc:subfield>
    </marc:datafield>
    <marc:datafield tag="336" ind1=" " ind2=" ">
      <marc:subfield code="a">texte</marc:subfield>
      <marc:subfield code="b">txt</marc:subfield>
      <marc:subfield code="2">rdacontent/fre</marc:subfield>
    </marc:datafield>
    <marc:datafield tag="337" ind1=" " ind2=" ">
      <marc:subfield code="a">informatique</marc:subfield>
      <marc:subfield code="b">c</marc:subfield>
      <marc:subfield code="2">rdamedia/fre</marc:subfield>
    </marc:datafield>
    <marc:datafield tag="338" ind1=" " ind2=" ">
      <marc:subfield code="a">ressource en ligne</marc:subfield>
      <marc:subfield code="b">cr</marc:subfield>
      <marc:subfield code="2">rdacarrier/fre</marc:subfield>
    </marc:datafield>
    <marc:datafield tag="500" ind1=" " ind2=" ">
      <marc:subfield code="a">« Première impression. »</marc:subfield>
    </marc:datafield>
    <marc:datafield tag="500" ind1=" " ind2=" ">
      <marc:subfield code="a">Publié aussi en anglais sous le titre : National Fire Code of Canada 2025.</marc:subfield>
    </marc:datafield>
    <marc:datafield tag="504" ind1=" " ind2=" ">
      <marc:subfield code="a">Comprend des références bibliographiques et un index.</marc:subfield>
    </marc:datafield>
    <marc:datafield tag="520" ind1=" " ind2=" ">
      <marc:subfield code="a">« Le Code national de prévention des incendies - Canada (CNPI) est l'un des cinq codes modèles nationaux, toute comme le Code national du bâtiment - Canada (CNB), le Code national de l'énergie pour les bâtiments - Canada (CNÉB), le Code national de la plomberie - Canada (CNP) et le Code national de construction des bâtiments agricoles - Canada (dernière parution en 1995). Au Canada, les gouvernements provinciaux et territoriaux ont l'autorité nécessaire pour adopter les lois qui réglementent les aspects relatifs aux bâtiments et aux installations, décrits ci-après, relevant de leur compétence: les activités liées à la construction, à l'utilisation ou à la démolition de bâtiments et d'installations; l'état d'éléments particuliers de bâtiments et d'installations; la conception ou la construction d'éléments particuliers d'installations relativement à certains risques; et les mesures de protection liées à l'utilisation actuelle ou prévue des bâtiments. Ces lois et règlements peuvent comprendre l'adoption du CNPI, sans aucun changement ou avec des modifications destinées à répondre à des besoins locaux, ainsi que d'autres lois et règlements liés à ces aspects des bâtiments et installations. Les personnes participant à l'exploitation de bâtiments ou d'installations devraient consulter l'autorité compétente provinciale ou territoriale concernée afin de déterminer quelles exigences doivent s'appliquer » -- Préface, page v.</marc:subfield>
    </marc:datafield>
    <marc:datafield tag="530" ind1=" " ind2=" ">
      <marc:subfield code="a">Également publié en version imprimée.</marc:subfield>
    </marc:datafield>
    <marc:datafield tag="650" ind1=" " ind2="6">
      <marc:subfield code="a">Incendies</marc:subfield>
      <marc:subfield code="x">Prévention</marc:subfield>
      <marc:subfield code="x">Droit</marc:subfield>
      <marc:subfield code="z">Canada.</marc:subfield>
    </marc:datafield>
    <marc:datafield tag="650" ind1=" " ind2="6">
      <marc:subfield code="a">Incendies</marc:subfield>
      <marc:subfield code="x">Extinction</marc:subfield>
      <marc:subfield code="x">Droit</marc:subfield>
      <marc:subfield code="z">Canada.</marc:subfield>
    </marc:datafield>
    <marc:datafield tag="650" ind1=" " ind2="6">
      <marc:subfield code="a">Incendies</marc:subfield>
      <marc:subfield code="x">Prévention</marc:subfield>
      <marc:subfield code="x">Normes</marc:subfield>
      <marc:subfield code="z">Canada.</marc:subfield>
    </marc:datafield>
    <marc:datafield tag="650" ind1=" " ind2="6">
      <marc:subfield code="a">Incendies</marc:subfield>
      <marc:subfield code="x">Extinction</marc:subfield>
      <marc:subfield code="x">Normes</marc:subfield>
      <marc:subfield code="z">Canada.</marc:subfield>
    </marc:datafield>
    <marc:datafield tag="710" ind1="2" ind2=" ">
      <marc:subfield code="a">Comité canadien de l'harmonisation des codes de construction, </marc:subfield>
      <marc:subfield code="e">organisme de publication.</marc:subfield>
    </marc:datafield>
    <marc:datafield tag="710" ind1="2" ind2=" ">
      <marc:subfield code="a">Conseil national de recherches du Canada, </marc:subfield>
      <marc:subfield code="e">organisme de publication.</marc:subfield>
    </marc:datafield>
    <marc:datafield tag="775" ind1="0" ind2="8">
      <marc:subfield code="t">National Fire Code of Canada 2025 / </marc:subfield>
      <marc:subfield code="w">(CaOODSP)9.950285</marc:subfield>
    </marc:datafield>
    <marc:datafield tag="776" ind1="0" ind2="#">
      <marc:subfield code="t">Code national de prévention des incendies - Canada 2025 / </marc:subfield>
      <marc:subfield code="w">(CaOODSP)9.950291</marc:subfield>
    </marc:datafield>
    <marc:datafield tag="795" ind1=" " ind2=" ">
      <marc:subfield code="t">Code national de prévention des incendies - Canada 2020 / </marc:subfield>
      <marc:subfield code="b">Onzième édition 2020</marc:subfield>
      <marc:subfield code="w">(CaOODSP)9.897550</marc:subfield>
    </marc:datafield>
    <marc:datafield tag="856" ind1="4" ind2="0">
      <marc:subfield code="q">PDF</marc:subfield>
      <marc:subfield code="s">2.62 Mo</marc:subfield>
      <marc:subfield code="u">https://publications.gc.ca/collections/collection_2026/cnrc-nrc/NR24-27-2025-fra.pdf</marc:subfield>
    </marc:datafield>
    <marc:datafield tag="986" ind1=" " ind2=" ">
      <marc:subfield code="a">NRCC-CONST-56757F</marc:subfield>
    </marc:datafield>
  </marc:record>
</marc:collection>
